Ingeniería de transito y carreteras

Bibliographic Details
Main Author: Garber, Nicolas J.
Format: Section = Libro
Language:Undetermined
Spanish
Published: México Cengage Learning 2005
Subjects:
LEADER 00645nam a2200217Ia 4500
008 240829s9999 xx 000 0 und d
020 |a 978-970-686-364 
040 |a BIBLIOTECA-RUPAP 629.04 G213 
041 |a spa 
082 |a 629.04 G213 
100 1 |a Garber, Nicolas J.  
245 1 0 |a Ingeniería de transito y carreteras 
260 |a México  |b Cengage Learning  |c 2005 
300 |a 1188 p. :il. 
650 7 |a INGENIERIA DE TRANSITO 
650 7 |b  TRANSITO DE CARRETERAS 
650 7 |c  TRANSPORTE - PLANIFICACION 
650 7 |d  PAVIMENTOS - ADMINISTRACION. I. Hoel, Lester A, coaut. II. Tít. 
942 |c BK  |2 ddc 
991 |a TEXTO 
999 |c 8496